01132nab a22002177a 4500003000400000005001700004008004100021040000700062100003200069245013300101260007300234300001200307500004400319505022000363505009000583650003000673650002400703650002200727650002000749773014500769OSt20250311124235.0190604e xxu||||| |||| 00| 0 spa d cPJ aDíaz Cisneros, Adriano P.13aEl derecho a la reparación efectiva frente a los ilícitos contra la defensa de la competencia /cAdriano P. Díaz Cisneros. aCiudad Autónoma de Buenos Aires :bThomson Reuters La Ley, c2024. ap. 9-19 aCita Online: TR LALEY AR/DOC/1903/2024. aSumario: I. Preliminar.— II. La reparación para terminar con la anomia.— III. Hacia la reparación efectiva.— IV. La reparación a los damnificados indirectos. Criterios de procedencia.— V. Conclusiones. t¿Te interesa el texto completo? Solicitalo al correo: koha@justierradelfuego.gov.ar  0aDEFENSA DE LA COMPETENCIA 0aREPARACION INTEGRAL 0aDERECHO COMPARADO 0aDAÑO PUNITIVO0 02714dCiudad Autónoma de Buenos Aires : Thomson Reuters La Ley, 2014-tRevista anales de legislación argentina. Nº 9 - Septiembre 2024.